000 00622nam a2200181Ia 4500
008 130821s1984 ck gr spa
040 _aCo-BoUCM
_bspa
041 0 0 _aspa
100 1 _aShaw, Carey
245 1 3 _aLa iglesia y el estado en Colombia en el siglo XIX vistos por diplomáticos norteamericanos
_cCarey Shaw
250 _a2a. ed.
260 _aBogotá (Colombia)
_bIncunables
_c1984
300 _a45 páginas
650 0 4 _917138
_aIglesia y Estado
_zColombia
_ySiglo XIX
651 7 _aColombia
_xHistoria
_ySiglo XIX
_926606
942 _cLIBRO
_a6
_e2
_mS534i
_2DEWEY
_h322.1
999 _c62026
_d62026